Lexikon der Wirtschaft Rechentechnik

Enregistré dans:
Détails bibliographiques
Format: Livre
Langue:allemand
Publié: Berlin Wirtschaft 1983
Tags: Ajouter un tag
Pas de tags, Soyez le premier à ajouter un tag!

MARC

LEADER 00000nam a2200000 4500
001 c115709
005 20041019155202.2
041 0 |a ger 
044 |a DE 
245 1 0 |a Lexikon der Wirtschaft  |b Rechentechnik 
264 1 |a Berlin  |b Wirtschaft  |c 1983 
300 |a 408 s.